Can you name the characters of NUMB3RS? Quiz Stats

 Plays Quiz not verified by Sporcle

Also try: Famous Captains
Challenge
Share
Tweet
Embed
Score 0/14 Timer 05:00
0 Plays Today
Hint/Description Name % Correct
One of the main characters of the series; the main FBI agent.Don Eppes
98%
One of the main characters of the series; the brilliant young mathematics professor.Charlie Eppes
97.3%
The FBI agent who is accused of being a Chinese spy; a secret triple agent for the U.S.Colby Granger
83%
The two main characters' father; dated Millie.Alan Eppes
78.2%
The FBI agent whose first day on the job is the first episode of the first season.David Sinclair
76.9%
The FBI agent who is a profiler; quits to work with women in prison. Dated Larry.Megan Reeves
76.2%
The FBI agent that currently worked in drug trafficking; dated Don.Liz Warner
67.3%
Hint/Description Name % Correct
The FBI agent who is the 'third best shot in the world'; dated Nikki.Ian Edgerton
52.4%
A profiler who only appears in the first season; left to reunite with her ex-husband. Dated Don.Terry Lake
50.3%
A professor at CalSci who works with Charlie and Amita; dated Megan.Larry Fleinhardt
45.6%
A professor at CalSci who works with Charlie and Larry; dates Charlie, and is eventually married to him.Amita Ramanujan
44.2%
The defense attorney; dates Don, is eventually engaged to him.Robin Brooks
42.2%
The FBI agent who is the 'newbie' around the office; dated Ian.Nikki Betancourt
37.4%
The head of the science and math department at CalSci; dated Alan.Mildred Finch
32%

You're not logged in!

Compare scores with friends on all Sporcle quizzes.
Join for Free
OR
Log In

You Might Also Like...

Show Comments

Extras

Top Quizzes Today


Score Distribution

Your Account Isn't Verified!

In order to create a playlist on Sporcle, you need to verify the email address you used during registration. Go to your Sporcle Settings to finish the process.

Report this User

Report this user for behavior that violates our Community Guidelines.

Details: